[Event "CHN-chTB"]
[Site "Hefei"]
[Date "2023.04.19"]
[Round "4"]
[White "Gu, Tianlu"]
[Black "Wang, Doudou"]
[Result "1-0"]
[WhiteElo "2261"]
[BlackElo "2161"]
[PlyCount "99"]
[EventDate "2023.04.17"]
[EventType "team-swiss"]
[EventRounds "9"]
[EventCountry "CHN"]
[SourceTitle "EXT 2024"]
[Source "ChessBase"]
[SourceDate "2023.10.10"]
[SourceVersion "1"]
[SourceVersionDate "2023.10.10"]
[SourceQuality "1"]
[WhiteTeam "Guangzhou Lingnan"]
[BlackTeam "Shenzhen Qiyu"]
[WhiteTeamCountry "CHN"]
[BlackTeamCountry "CHN"]

1. Nf3 Nf6 2. e3 d5 3. c4 e6 4. b3 Be7 5. Bb2 0-0 6. Be2 c5 7. cxd5 Nxd5 8. Nc3 Nc6 9. Qc2 b6 10. h4 Ncb4 11. Qb1 Nxc3 12. dxc3 Nc6 13. Qe4 Qd5 14. Qc2 Qd8 15. Qe4 Qd5 16. Qc2 Qd8 17. Bd3 f5 18. 0-0-0 Qc7 19. g4 Bf6 20. gxf5 Ne5 21. Nxe5 Qxe5 22. Be4 Rb8 23. f4 Qc7 24. fxe6 Bxe6 25. Bxh7+ Kh8 26. c4 Bxb2+ 27. Kxb2 b5 28. Bd3 bxc4 29. Bxc4 Bxc4 30. Qxc4 Rb4 31. Qc3 Qe7 32. h5 Qf6 33. h6 Qxc3+ 34. Kxc3 g6 35. Rd5 Re4 36. Kd3 Re6 37. Rxc5 Rd8+ 38. Ke2 Red6 39. a4 Rd2+ 40. Kf3 Rb2 41. Rg1 Rxb3 42. Rxg6 Ra3 43. Ra6 Rd7 44. Rc8+ Kh7 45. Rc5 Re7 46. Re5 Rb7 47. a5 Rd7 48. Rae6 Rd2 49. Re7+ Kxh6 50. R5e6+ 1-0

[Event "CHN-chTB"]
[Site "Hefei"]
[Date "2023.04.19"]
[Round "5"]
[White "Hu, Yi"]
[Black "Gu, Tianlu"]
[Result "1/2-1/2"]
[WhiteElo "2034"]
[BlackElo "2261"]
[PlyCount "86"]
[EventDate "2023.04.17"]
[EventType "team-swiss"]
[EventRounds "9"]
[EventCountry "CHN"]
[SourceTitle "EXT 2024"]
[Source "ChessBase"]
[SourceDate "2023.10.10"]
[SourceVersion "1"]
[SourceVersionDate "2023.10.10"]
[SourceQuality "1"]
[WhiteTeam "Qingdao Qingwei"]
[BlackTeam "Guangzhou Lingnan"]
[WhiteTeamCountry "CHN"]
[BlackTeamCountry "CHN"]

1. d4 d5 2. Nf3 Nf6 3. Bf4 g6 4. e3 Bg7 5. Nbd2 Nbd7 6. c3 Nh5 7. Be5 f6 8. Bg3 e5 9. e4 Nxg3 10. hxg3 dxe4 11. Nxe4 exd4 12. Qb3 f5 13. Neg5 Qe7+ 14. Kd2 Nc5 15. Qc4 Ne4+ 16. Nxe4 fxe4 17. Nxd4 c5 18. Nb3 b6 19. Re1 Bb7 20. Kc2 0-0-0 21. Nd2 Rhf8 22. Rxh7 Rxf2 23. Re2 Rxe2 24. Bxe2 Rxd2+ 25. Kxd2 Bxc3+ 26. Qxc3 Qf7 27. Rg7 Qxg7 28. Bf3 Qh7 29. Bg4+ Kd8 30. Qf6+ Qe7 31. Qxg6 Kc7 32. Ke3 Qd8 33. Qg7+ Kb8 34. Qe5+ Ka8 35. Be2 a5 36. g4 Qg8 37. b3 a4 38. Bc4 Qxg4 39. Qe8+ Ka7 40. Qxa4+ Kb8 41. Qe8+ Ka7 42. Qa4+ Kb8 43. Qe8+ Ka7 1/2-1/2

[Event "CHN-ch (Women)"]
[Site "Xinghua"]
[Date "2021.05.13"]
[Round "9"]
[White "Ning, Kaiyu"]
[Black "Gu, Tianlu"]
[Result "1/2-1/2"]
[WhiteElo "2327"]
[BlackElo "2267"]
[PlyCount "198"]
[EventDate "2021.05.07"]
[EventType "tourn"]
[EventRounds "11"]
[EventCountry "CHN"]
[SourceTitle "CBM 202 Extra"]
[Source "ChessBase"]
[SourceDate "2021.07.31"]
[SourceVersion "1"]
[SourceVersionDate "2021.07.31"]
[SourceQuality "1"]

1. d4 Nf6 2. c4 e6 3. g3 d5 4. Bg2 Be7 5. Nf3 0-0 6. 0-0 b6 7. cxd5 exd5 8. Nc3 Bb7 9. Bf4 a6 10. Ne5 Re8 11. Qb3 Bf8 12. e4 c6 13. exd5 cxd5 14. Bg5 Ra7 15. Rad1 b5 16. Bxf6 Qxf6 17. Nxd5 Qe6 18. Rfe1 Rd8 19. Nc3 Qxb3 20. axb3 Bxg2 21. Kxg2 f6 22. Nf3 Kf7 23. Rc1 Bb4 24. Red1 Re7 25. h4 Rd6 26. Kf1 Re8 27. Ne2 Nc6 28. d5 Ne5 29. Rc7+ Kg8 30. Nxe5 Rxe5 31. Nf4 g5 32. hxg5 fxg5 33. Nh5 Kf8 34. Rd4 a5 35. Rxh7 Rdxd5 36. Rxd5 Rxd5 37. Rb7 Rd3 38. Rxb5 Rxb3 39. Rxg5 Rxb2 40. Nf4 a4 41. Nd3 Rb1+ 42. Ke2 Be7 43. Ra5 a3 44. Kd2 Rf1 45. Ra7 Bd6 46. Ke3 Rg1 47. Kf3 Rd1 48. Ke2 Rg1 49. Ra4 Bxg3 50. fxg3 Rxg3 51. Rxa3 Ke7 52. Ra6 Rh3 53. Ne5 Rc3 54. Nd3 Rc4 55. Ke3 Rh4 56. Nf4 Kd7 57. Ke4 Rh1 58. Nd3 Rd1 59. Kd4 Ke7 60. Ke4 Rd2 61. Nf4 Rd1 62. Kf5 Rf1 63. Rh6 Kd7 64. Ra6 Ke7 65. Ra4 Kd7 66. Rc4 Ke7 67. Rd4 Rh1 68. Ng6+ Kf7 69. Rd7+ Kg8 70. Ke6 Re1+ 71. Ne5 Rf1 72. Ng4 Kf8 73. Rd5 Kg7 74. Rg5+ Kf8 75. Ne5 Re1 76. Rg2 Re3 77. Kf6 Re1 78. Rf2 Ke8 79. Rd2 Rf1+ 80. Ke6 Rh1 81. Rd3 Rh6+ 82. Kf5 Rh5+ 83. Kf6 Rh1 84. Rd7 Rh6+ 85. Kg5 Re6 86. Rd5 Ra6 87. Kf5 Ra1 88. Rc5 Ra6 89. Nc6 Ra1 90. Ke6 Kf8 91. Ne5 Ra6+ 92. Kf5 Ke7 93. Rd5 Rf6+ 94. Ke4 Ra6 95. Rb5 Ke6 96. Nf3 Ra1 97. Rb6+ Kd7 98. Nd4 Ra5 99. Rb7+ Kd6 1/2-1/2

[Event "CHN-ch (Women)"]
[Site "Xinghua"]
[Date "2021.05.11"]
[Round "6"]
[White "Gu, Tianlu"]
[Black "Tan, Zhongyi"]
[Result "0-1"]
[WhiteElo "2267"]
[BlackElo "2510"]
[PlyCount "68"]
[EventDate "2021.05.07"]
[EventType "tourn"]
[EventRounds "11"]
[EventCountry "CHN"]
[SourceTitle "CBM 202 Extra"]
[Source "ChessBase"]
[SourceDate "2021.07.31"]
[SourceVersion "1"]
[SourceVersionDate "2021.07.31"]
[SourceQuality "1"]

1. e4 e5 2. Nf3 Nf6 3. Nc3 Bb4 4. Bc4 d6 5. a3 Bxc3 6. dxc3 Nbd7 7. Be3 0-0 8. Qd3 b6 9. 0-0-0 Qe7 10. Nh4 Nc5 11. Bxc5 bxc5 12. Rhe1 Rb8 13. g3 Be6 14. Bd5 a5 15. a4 Rfd8 16. b3 Nd7 17. Bxe6 fxe6 18. c4 Rf8 19. Qd2 Rb4 20. Ng2 Nb8 21. Kb2 Qf6 22. c3 Rb7 23. Re2 Nd7 24. Ka2 Rfb8 25. Rb1 Nb6 26. Ree1 Qf3 27. Nh4 Qg4 28. f4 exf4 29. Qxf4 Qh5 30. Rf1 Nd7 31. g4 Qe8 32. g5 Ne5 33. g6 hxg6 34. Qd2 Rxb3 0-1

[Event "CHN-ch (Women)"]
[Site "Xinghua"]
[Date "2021.05.09"]
[Round "3"]
[White "Ren, Xiaoyi"]
[Black "Gu, Tianlu"]
[Result "1/2-1/2"]
[WhiteElo "2267"]
[BlackElo "2267"]
[PlyCount "58"]
[EventDate "2021.05.07"]
[EventType "tourn"]
[EventRounds "11"]
[EventCountry "CHN"]
[SourceTitle "CBM 202 Extra"]
[Source "ChessBase"]
[SourceDate "2021.07.31"]
[SourceVersion "1"]
[SourceVersionDate "2021.07.31"]
[SourceQuality "1"]

1. c4 e6 2. Nf3 Nf6 3. d4 d5 4. e3 a6 5. Nbd2 c5 6. cxd5 Nxd5 7. Be2 Nc6 8. Nb3 cxd4 9. Nbxd4 Nxd4 10. Nxd4 Bb4+ 11. Bd2 Bxd2+ 12. Qxd2 0-0 13. Bf3 Nf6 14. Nb3 Qe7 15. Rd1 e5 16. Qd6 Qxd6 17. Rxd6 e4 18. Bd1 Be6 19. Kd2 Rfd8 20. Rxd8+ Rxd8+ 21. Nd4 Bxa2 22. b3 Bb1 23. Be2 Bd3 24. Bxd3 exd3 25. Kxd3 Rc8 26. Nf5 Rd8+ 27. Nd4 Rc8 28. Nf5 Rd8+ 29. Nd4 Rc8 1/2-1/2

[Event "CHN-ch (Women)"]
[Site "Xinghua"]
[Date "2021.05.08"]
[Round "2"]
[White "Gu, Tianlu"]
[Black "Gu, Xiaobing"]
[Result "1-0"]
[WhiteElo "2267"]
[BlackElo "2263"]
[PlyCount "113"]
[EventDate "2021.05.07"]
[EventType "tourn"]
[EventRounds "11"]
[EventCountry "CHN"]
[SourceTitle "CBM 202 Extra"]
[Source "ChessBase"]
[SourceDate "2021.07.31"]
[SourceVersion "1"]
[SourceVersionDate "2021.07.31"]
[SourceQuality "1"]

1. e4 c5 2. Nf3 d6 3. d4 cxd4 4. Nxd4 Nf6 5. Nc3 a6 6. h3 e5 7. Nde2 h5 8. g3 Be7 9. a4 Nc6 10. Bg2 Nb4 11. 0-0 Be6 12. Bg5 Nh7 13. Bxe7 Qxe7 14. Nd5 Nxd5 15. exd5 Bd7 16. f4 h4 17. Qd3 0-0 18. Rae1 exf4 19. Nd4 Qg5 20. gxf4 Qf6 21. Be4 Qh6 22. Bxh7+ Qxh7 23. Qxh7+ Kxh7 24. Re7 Bxh3 25. Rfe1 Kg6 26. Kf2 Rh8 27. Rxb7 Rae8 28. Rh1 Re4 29. Nf3 Bc8 30. Rg1+ Kf6 31. Rxf7+ Kxf7 32. Ng5+ Ke7 33. Nxe4 Bf5 34. Nd2 Bxc2 35. Rxg7+ Kf6 36. Rg1 Kf5 37. Kf3 h3 38. Rh1 h2 39. Kg3 Rg8+ 40. Kxh2 Kxf4 41. Rf1+ Ke3 42. Nc4+ Ke2 43. Rf6 Be4 44. Rxd6 Kf2 45. Rh6 Rg2+ 46. Kh3 Bf5+ 47. Kh4 Rg4+ 48. Kh5 Rxc4 49. Rf6 Rxa4 50. Rxf5+ Ke3 51. Kg6 Rb4 52. Kf6 Rxb2 53. d6 Rd2 54. Ke6 Rh2 55. d7 Rh8 56. Ke7 Kd4 57. d8Q+ 1-0

[Event "Thessaloniki Vardaris op 6th"]
[Site "Thessaloniki"]
[Date "2020.03.02"]
[Round "7"]
[White "Georgakopoulos, Nikolaos"]
[Black "Gu, Tianlu"]
[Result "1-0"]
[WhiteElo "2367"]
[BlackElo "2253"]
[PlyCount "89"]
[EventDate "2020.02.27"]
[EventType "swiss"]
[EventRounds "7"]
[EventCountry "GRE"]
[SourceTitle "CBM 195 Extra"]
[Source "ChessBase"]
[SourceDate "2020.05.31"]
[SourceVersion "1"]
[SourceVersionDate "2020.05.31"]
[SourceQuality "1"]

1. d4 d5 2. c4 e6 3. Nf3 c6 4. Qc2 dxc4 5. Qxc4 b5 6. Qc2 Bb7 7. e4 Nd7 8. Bd3 Rc8 9. 0-0 Qb6 10. Nc3 a6 11. a4 Qa5 12. Qe2 b4 13. Nb1 Ngf6 14. Nbd2 Be7 15. Nb3 Qb6 16. a5 Qa7 17. Bg5 h6 18. Bd2 c5 19. e5 Nd5 20. Rac1 cxd4 21. Rxc8+ Bxc8 22. Nfxd4 Bb7 23. Rc1 Qa8 24. Qh5 Nf8 25. f4 g6 26. Qh3 h5 27. Kh1 Rg8 28. Nf3 Qd8 29. Nfd4 Qa8 30. Qg3 Nd7 31. Be4 h4 32. Qh3 g5 33. fxg5 Bxg5 34. Bxg5 Rxg5 35. Qxh4 Rxe5 36. Nf3 Rxe4 37. Qxe4 N5f6 38. Qf4 Bd5 39. Nc5 Nxc5 40. Rxc5 Nd7 41. Rc1 Qb7 42. h4 Qb5 43. Qd6 Bb7 44. Rc7 b3 45. Kg1 1-0

[Event "Thessaloniki Vardaris op 6th"]
[Site "Thessaloniki"]
[Date "2020.03.01"]
[Round "6"]
[White "Gu, Tianlu"]
[Black "Makris, Spyridon Dionysios"]
[Result "1-0"]
[WhiteElo "2253"]
[BlackElo "1959"]
[PlyCount "115"]
[EventDate "2020.02.27"]
[EventType "swiss"]
[EventRounds "7"]
[EventCountry "GRE"]
[SourceTitle "CBM 195 Extra"]
[Source "ChessBase"]
[SourceDate "2020.05.31"]
[SourceVersion "1"]
[SourceVersionDate "2020.05.31"]
[SourceQuality "1"]

1. e4 e5 2. Nf3 Nc6 3. Bc4 Nf6 4. d3 Be7 5. 0-0 0-0 6. Re1 d6 7. a4 Na5 8. Ba2 c5 9. c3 Nc6 10. Nbd2 Re8 11. Nf1 h6 12. Ng3 Bf8 13. h3 Be6 14. Bb1 d5 15. exd5 Bxd5 16. Bc2 Qc7 17. Bd2 Rad8 18. Qe2 a6 19. Nh4 g6 20. a5 Be6 21. Qf3 Bd5 22. Qd1 Be6 23. Qf3 Bd5 24. Qe2 Be6 25. Ba4 Bd7 26. Qf3 Qd6 27. Be3 Kg7 28. Red1 Be7 29. Ne4 Nxe4 30. dxe4 Qf6 31. Qxf6+ Kxf6 32. Nf3 g5 33. h4 Rg8 34. Rd5 g4 35. Nd2 Be6 36. Rxd8 Rxd8 37. g3 Nxa5 38. Bxh6 Kg6 39. Be3 Nc4 40. Nxc4 Bxc4 41. Bc2 Be2 42. Re1 Bf3 43. Kf1 a5 44. Ra1 b6 45. Ke1 Kh5 46. Bb3 Bxe4 47. Bxf7+ Bg6 48. Bb3 Be8 49. Ra4 Bd6 50. Be6 Be7 51. Rxg4 Bg6 52. Rg5+ Kh6 53. Rxe5+ Kg7 54. Bb3 Bd6 55. Rd5 Bf7 56. Rg5+ Kf6 57. Bxf7 Kxf7 58. h5 1-0

[Event "Thessaloniki Vardaris op 6th"]
[Site "Thessaloniki"]
[Date "2020.03.01"]
[Round "5"]
[White "Vestby Ellingsen, Mads"]
[Black "Gu, Tianlu"]
[Result "1/2-1/2"]
[WhiteElo "2357"]
[BlackElo "2253"]
[PlyCount "240"]
[EventDate "2020.02.27"]
[EventType "swiss"]
[EventRounds "7"]
[EventCountry "GRE"]
[SourceTitle "CBM 195 Extra"]
[Source "ChessBase"]
[SourceDate "2020.05.31"]
[SourceVersion "1"]
[SourceVersionDate "2020.05.31"]
[SourceQuality "1"]

1. d4 d5 2. c4 e6 3. Nf3 Nf6 4. g3 dxc4 5. Bg2 c5 6. 0-0 Nc6 7. Qa4 Bd7 8. Qxc4 b5 9. Qc3 b4 10. Qd3 Rc8 11. dxc5 Bxc5 12. Nbd2 Na5 13. Ne5 Qb6 14. Nxd7 Nxd7 15. Nf3 Nc6 16. Bg5 h6 17. Rad1 Nde5 18. Nxe5 Nxe5 19. Qe4 Nd7 20. Bf4 Nf6 21. Qf3 Bd4 22. Qb7 0-0 23. Qxb6 Bxb6 24. Bd6 Rfd8 25. Bxb4 Rxd1 26. Rxd1 Rc2 27. Bf3 Rxb2 28. a3 e5 29. Bc3 Rb3 30. Bxe5 Rxa3 31. Bxf6 gxf6 32. Rd7 Ra1+ 33. Kg2 Ra2 34. Bh5 Rc2 35. Bxf7+ Kf8 36. Bh5 Rc7 37. Rd8+ Kg7 38. Rb8 Bc5 39. Be8 a5 40. h4 Ra7 41. Ba4 Bb4 42. f4 Rc7 43. h5 Ra7 44. Kf3 Rc7 45. e4 Re7 46. Ra8 Rc7 47. Kg4 Be1 48. Ra6 Rc4 49. Bc6 Rc3 50. Ra7+ Kh8 51. Bd5 Rxg3+ 52. Kf5 Bc3 53. Bf7 Kg7 54. Rc7 Bd4 55. Bd5+ Kh8 56. Rc8+ Kh7 57. Ra8 Bc3 58. Ra7+ Kh8 59. Bc4 Rg2 60. Bf7 Kg7 61. Ke6 Rg4 62. Bg6+ Kg8 63. Rc7 Bb2 64. Rc2 Ba1 65. Rc1 Bb2 66. Rc2 Ba1 67. Rc1 Bb2 68. Rc8+ Kg7 69. Rc7+ Kg8 70. Rb7 Bc3 71. Rb3 Ba1 72. Kf5 Rg1 73. Ra3 Rf1 74. Rxa5 Bc3 75. Ra8+ Kg7 76. Ra7+ Kg8 77. Bf7+ Kf8 78. Bc4 Rf2 79. Rf7+ Ke8 80. Rh7 Bd2 81. Ke6 Kf8 82. Rf7+ Ke8 83. Bb5+ Kd8 84. Rd7+ Kc8 85. Rxd2 Rxd2 86. Kxf6 Rd4 87. Ke5 Rb4 88. Bc6 Kc7 89. Bd5 Kd7 90. Kf6 Rb1 91. e5 Ke8 92. f5 Rd1 93. Bc6+ Kf8 94. Bb5 Rb1 95. Bc4 Rc1 96. Bd5 Ra1 97. e6 Re1 98. Bc6 Re3 99. Bb7 Re1 100. Bd5 Re3 101. Ba8 Re1 102. Bb7 Re3 103. Bd5 Re1 104. Bb7 Re3 105. Bc8 Re1 106. Bd7 Re3 107. Kg6 Rg3+ 108. Kxh6 Ke7 109. Kh7 Rg5 110. h6 Rxf5 111. Kg6 Rf2 112. h7 Rg2+ 113. Kh6 Rh2+ 114. Kg7 Rg2+ 115. Kh6 Rh2+ 116. Kg6 Rg2+ 117. Kf5 Rh2 118. Kg6 Rg2+ 119. Kh6 Rh2+ 120. Kg7 Rg2+ 1/2-1/2

[Event "Thessaloniki Vardaris op 6th"]
[Site "Thessaloniki"]
[Date "2020.02.27"]
[Round "1"]
[White "Kourkoulos Arditis, Stamatis"]
[Black "Gu, Tianlu"]
[Result "1/2-1/2"]
[WhiteElo "2470"]
[BlackElo "2253"]
[PlyCount "173"]
[EventDate "2020.02.27"]
[EventType "swiss"]
[EventRounds "7"]
[EventCountry "GRE"]
[SourceTitle "CBM 195 Extra"]
[Source "ChessBase"]
[SourceDate "2020.05.31"]
[SourceVersion "1"]
[SourceVersionDate "2020.05.31"]
[SourceQuality "1"]

1. Nf3 d5 2. g3 c5 3. Bg2 Nc6 4. d4 e6 5. 0-0 Nf6 6. b3 b6 7. Bb2 Bb7 8. Nbd2 Be7 9. dxc5 bxc5 10. Ne5 Nxe5 11. Bxe5 0-0 12. c4 Nd7 13. Bb2 Qb6 14. cxd5 exd5 15. Nc4 dxc4 16. Qxd7 Bxg2 17. Kxg2 Bf6 18. Bxf6 Qxf6 19. bxc4 Rfd8 20. Qb5 Qe5 21. e3 Rd2 22. Qb7 Rad8 23. Qf3 g6 24. a4 a5 25. Rab1 Ra2 26. Rfd1 Rxd1 27. Rxd1 Rxa4 28. Rd5 Qe7 29. Qg4 Kg7 30. h4 Ra2 31. Qf4 h5 32. Qe5+ Qxe5 33. Rxe5 Rc2 34. Rxc5 a4 35. Rc6 a3 36. Ra6 a2 37. Kf3 Rxc4 38. Rxa2 f5 39. Ke2 Rb4 40. Kd3 Kf7 41. Kc3 Re4 42. Kb3 Kg7 43. Ra7+ Kf6 44. Ra6+ Kg7 45. Rd6 Kf7 46. Rd4 Re6 47. Kc4 Rc6+ 48. Kd5 Re6 49. Rc4 Re7 50. Rc6 Re8 51. Rd6 Re4 52. Rd7+ Kf6 53. Rc7 Re8 54. Rc6+ Kf7 55. Ra6 Re4 56. Ra3 Kf6 57. f3 Re6 58. e4 fxe4 59. fxe4 Re5+ 60. Kd4 Rb5 61. Ra6+ Kf7 62. Rc6 Rb3 63. Rc3 Rb5 64. Rc5 Rb3 65. Rc3 Rb5 66. Rc5 Rb3 67. Ke5 Rxg3 68. Rc7+ Ke8 69. Ke6 Kf8 70. e5 Rf3 71. Rc4 Rf1 72. Rd4 Ke8 73. Ra4 Kf8 74. Rc4 Rf2 75. Rb4 Rf1 76. Rc4 Rf2 77. Ra4 Rf1 78. Rd4 Ke8 79. Kd6 Ra1 80. e6 Rg1 81. Ra4 Rd1+ 82. Ke5 Rf1 83. Rf4 Rg1 84. Ra4 Rg4 85. Rf4 Ke7 86. Rf7+ Ke8 87. Rf4 1/2-1/2

[Event "CHN-ch blitz (Women)"]
[Site "Shenyang"]
[Date "2019.12.19"]
[Round "9"]
[White "Wang, Doudou"]
[Black "Gu, Tianlu"]
[Result "1-0"]
[WhiteElo "2173"]
[BlackElo "2147"]
[PlyCount "139"]
[EventDate "2019.12.18"]
[EventType "swiss (blitz)"]
[EventRounds "9"]
[EventCountry "CHN"]
[SourceTitle "CBM 193 Extra"]
[Source "ChessBase"]
[SourceDate "2020.01.31"]
[SourceVersion "1"]
[SourceVersionDate "2020.01.31"]
[SourceQuality "1"]

1. c4 e6 2. Nf3 d5 3. e3 Nf6 4. b3 c5 5. Bb2 Be7 6. Be2 Nc6 7. 0-0 0-0 8. cxd5 Nxd5 9. Nc3 Bf6 10. Rc1 b6 11. Qc2 Nxc3 12. Bxc3 Bb7 13. Rfd1 Rc8 14. Qb2 Bxc3 15. Qxc3 Qe7 16. h3 Nb4 17. Qb2 Rfd8 18. d4 Qf6 19. a3 Nc6 20. Rd2 cxd4 21. Nxd4 Nxd4 22. exd4 Rxc1+ 23. Qxc1 Qg5 24. Bf1 h6 25. Qc3 Rd7 26. Qe3 e5 27. h4 Qxe3 28. fxe3 Kf8 29. Kf2 Ke7 30. Bc4 a6 31. a4 f6 32. g3 Bc6 33. Bxa6 Bd5 34. Bc4 Bxc4 35. bxc4 Ra7 36. Ra2 Rc7 37. Rc2 Ra7 38. Ra2 Rc7 39. c5 bxc5 40. dxc5 Rxc5 41. a5 Rc7 42. Kf3 f5 43. e4 fxe4+ 44. Kxe4 Ke6 45. a6 Ra7 46. Ra5 Kd6 47. h5 Kc6 48. Rxe5 Kd7 49. Ra5 Kc6 50. Kf5 Kb6 51. Ra3 Kb5 52. g4 Kb4 53. Ra1 Kb5 54. Kg6 Kc5 55. Ra2 Kc6 56. Rf2 Rxa6 57. Kxg7 Ra4 58. Rf6+ Kd5 59. Rg6 Ke5 60. Kxh6 Ra7 61. g5 Kf5 62. Rg7 Ra6+ 63. g6 Kg4 64. Rb7 Ra5 65. Rb4+ Kf3 66. g7 Ra6+ 67. Kh7 Ra7 68. Kh8 Ra5 69. h6 Rh5 70. h7 1-0

[Event "CHN-ch blitz (Women)"]
[Site "Shenyang"]
[Date "2019.12.18"]
[Round "1"]
[White "Bai, Xue"]
[Black "Gu, Tianlu"]
[Result "1-0"]
[WhiteElo "1643"]
[BlackElo "2147"]
[PlyCount "143"]
[EventDate "2019.12.18"]
[EventType "swiss (blitz)"]
[EventRounds "9"]
[EventCountry "CHN"]
[SourceTitle "CBM 193 Extra"]
[Source "ChessBase"]
[SourceDate "2020.01.31"]
[SourceVersion "1"]
[SourceVersionDate "2020.01.31"]
[SourceQuality "1"]

1. e4 c5 2. Nf3 Nc6 3. d4 cxd4 4. Nxd4 Nf6 5. Nc3 d6 6. g3 e5 7. Nde2 Bg4 8. Bg2 Nd4 9. Qd3 Nxe2 10. Nxe2 Be7 11. 0-0 0-0 12. Nc3 Rc8 13. Be3 a6 14. a4 Be6 15. Qd2 Qc7 16. Rac1 Rfd8 17. Rfd1 h6 18. Nd5 Bxd5 19. exd5 b5 20. axb5 axb5 21. Qd3 Qc4 22. Qxc4 bxc4 23. Ra1 Rb8 24. Ra2 Rb5 25. Ra4 Rc8 26. Ra2 e4 27. b3 Nxd5 28. bxc4 Nxe3 29. fxe3 Rxc4 30. Bf1 Rcb4 31. Bxb5 Rxb5 32. Ra4 d5 33. Rad4 Bc5 34. Rxd5 Bxe3+ 35. Kg2 Rb2 36. Rd8+ Kh7 37. Rc8 f5 38. Rd5 f4 39. gxf4 Bxf4 40. Rd4 g5 41. Rc6 Rb7 42. Rxe4 Rd7 43. Re2 Kg7 44. Rce6 Rd1 45. c4 Bd6 46. Re8 Kg6 47. Rc8 Kh5 48. c5 Rc1 49. Re6 Rc2+ 50. Kf3 Bxc5 51. Rec6 Rf2+ 52. Kg3 Be3 53. Rh8 g4 54. Re6 Ba7 55. Rhxh6+ Kg5 56. Rhg6+ Kh5 57. Rh6+ Kg5 58. Reg6+ Kf5 59. Rxg4 Rf1 60. Rh5+ Kf6 61. Rf4+ Rxf4 62. Kxf4 Bb8+ 63. Kg4 Kg6 64. h4 Bd6 65. Ra5 Bb4 66. Ra6+ Kh7 67. Kh5 Bc3 68. Ra7+ Bg7 69. Kg5 Kh8 70. Kg6 Bf8 71. h5 Kg8 72. Ra8 1-0

[Event "CHN-ch rapid (Women)"]
[Site "Tianjin"]
[Date "2019.12.18"]
[Round "7"]
[White "Zhang, Lanlin"]
[Black "Gu, Tianlu"]
[Result "1/2-1/2"]
[WhiteElo "2199"]
[BlackElo "2180"]
[PlyCount "105"]
[EventDate "2019.12.17"]
[EventType "swiss (rapid)"]
[EventRounds "9"]
[EventCountry "CHN"]
[SourceTitle "CBM 193 Extra"]
[Source "ChessBase"]
[SourceDate "2020.01.31"]
[SourceVersion "1"]
[SourceVersionDate "2020.01.31"]
[SourceQuality "1"]

1. e4 c5 2. Nc3 Nc6 3. g3 e6 4. Bg2 a6 5. Nge2 Qc7 6. 0-0 b5 7. d3 Bb7 8. Be3 Nf6 9. h3 Be7 10. Qe1 d6 11. f4 Nd7 12. f5 Bf6 13. Nf4 Nd4 14. fxe6 fxe6 15. Bxd4 Bxd4+ 16. Kh2 Nf8 17. a4 b4 18. Nd1 Be5 19. c3 a5 20. Ne2 Ng6 21. d4 Bf6 22. Ne3 0-0 23. Qd2 Rf7 24. Rf2 Raf8 25. Raf1 Bg5 26. Rxf7 Rxf7 27. Qd3 bxc3 28. bxc3 c4 29. Qxc4 Bxe3 30. Qxe6 Qe7 31. Qb3 Ba6 32. c4 Rxf1 33. Bxf1 Qf7 34. Bg2 Qxc4 35. Qxe3 Qxe2 36. Qg5 Qa2 37. Kh1 Qa1+ 38. Kh2 Qxd4 39. Qxa5 Bd3 40. e5 Qxe5 41. Bd5+ Kf8 42. Qd8+ Qe8 43. Qxd6+ Qe7 44. Qb8+ Qe8 45. Qd6+ Ne7 46. a5 Qc8 47. Bb3 Bc2 48. Be6 Qe8 49. Qf4+ Nf5 50. Bxf5 Qe2+ 51. Kh1 Qe1+ 52. Kh2 Qe2+ 53. Kh1 1/2-1/2

[Event "CHN-ch rapid (Women)"]
[Site "Tianjin"]
[Date "2019.12.17"]
[Round "5"]
[White "Gu, Tianlu"]
[Black "Song, Yuxin"]
[Result "0-1"]
[WhiteElo "2180"]
[BlackElo "1912"]
[PlyCount "144"]
[EventDate "2019.12.17"]
[EventType "swiss (rapid)"]
[EventRounds "9"]
[EventCountry "CHN"]
[SourceTitle "CBM 193 Extra"]
[Source "ChessBase"]
[SourceDate "2020.01.31"]
[SourceVersion "1"]
[SourceVersionDate "2020.01.31"]
[SourceQuality "1"]

1. e4 c5 2. Nf3 d6 3. d4 cxd4 4. Nxd4 Nf6 5. Nc3 a6 6. h3 e5 7. Nde2 h5 8. Bg5 Be6 9. Bxf6 Qxf6 10. Nd5 Qd8 11. Qd3 Nd7 12. 0-0-0 g6 13. Nec3 Nc5 14. Qf3 Bg7 15. Kb1 Rc8 16. Be2 0-0 17. Ne3 b5 18. Ncd5 Bxd5 19. Nxd5 Ne6 20. c3 Nc7 21. g4 h4 22. Nxc7 Rxc7 23. Qe3 Rd7 24. Rd5 Bf6 25. Rhd1 Bg5 26. Qd3 Qf6 27. Qf3 Qe7 28. c4 Rc8 29. cxb5 Rdc7 30. a3 Rc2 31. Bd3 Rc1+ 32. Rxc1 Rxc1+ 33. Ka2 axb5 34. Bxb5 Rc2 35. Ba4 Rc1 36. Bb3 Bf4 37. Qd3 Rc6 38. Rb5 Qc7 39. Bd5 Rb6 40. Rxb6 Qxb6 41. Qc2 Kg7 42. b4 Bh2 43. Kb3 Bg1 44. f3 Qe3+ 45. Qc3 Qe2 46. f4 Bd4 47. Qc4 Qd1+ 48. Qc2 Qf3+ 49. Ka4 Qxf4 50. Qc7 Qf3 51. Kb5 Qd3+ 52. Bc4 Qxe4 53. Qxf7+ Kh6 54. Qf8+ Kg5 55. Qxd6 Qb7+ 56. Ka4 Qa7+ 57. Kb3 e4 58. Bf7 Qxf7+ 59. Ka4 Qa7+ 60. Kb3 e3 61. Qe6 Kf4 62. Qxg6 e2 63. Qf5+ Ke3 64. Qg5+ Kd3 65. Qf5+ Kd2 66. Qc2+ Ke3 67. Qc1+ Kf3 68. Qh1+ Kf4 69. Qh2+ Ke3 70. Qg1+ Kd2 71. Qh2 Qf7+ 72. Ka4 Qf2 0-1

[Event "China zt 3.5 (Women)"]
[Site "Zibo"]
[Date "2019.09.08"]
[Round "6"]
[White "Gu, Tianlu"]
[Black "Yuan, Ye"]
[Result "1-0"]
[WhiteElo "2239"]
[BlackElo "2092"]
[PlyCount "47"]
[EventDate "2019.09.05"]
[EventType "swiss"]
[EventRounds "11"]
[EventCountry "CHN"]
[SourceTitle "EXT 2020"]
[Source "ChessBase"]
[SourceDate "2019.10.17"]
[SourceVersion "1"]
[SourceVersionDate "2019.10.17"]
[SourceQuality "1"]

1. e4 c5 2. Nf3 e6 3. Nc3 a6 4. g3 Nc6 5. Bg2 Nf6 6. 0-0 d5 7. exd5 Nxd5 8. Nxd5 Qxd5 9. Re1 Qd7 10. d3 Be7 11. a4 0-0 12. Nd2 Na5 13. Ne4 Ra7 14. Be3 b6 15. b4 Nb7 16. a5 Qc7 17. d4 bxa5 18. bxc5 Bd7 19. c4 Raa8 20. Rb1 Kh8 21. d5 exd5 22. cxd5 Nxc5 23. d6 Bxd6 24. Qxd6 1-0

[Event "China zt 3.5 (Women)"]
[Site "Zibo"]
[Date "2019.09.07"]
[Round "4"]
[White "Huang, Qian"]
[Black "Gu, Tianlu"]
[Result "1/2-1/2"]
[WhiteElo "2429"]
[BlackElo "2239"]
[PlyCount "132"]
[EventDate "2019.09.05"]
[EventType "swiss"]
[EventRounds "11"]
[EventCountry "CHN"]
[SourceTitle "EXT 2020"]
[Source "ChessBase"]
[SourceDate "2019.10.17"]
[SourceVersion "1"]
[SourceVersionDate "2019.10.17"]
[SourceQuality "1"]

1. c4 e6 2. g3 Nf6 3. Bg2 d5 4. Nf3 c5 5. 0-0 Nc6 6. cxd5 Nxd5 7. Nc3 Be7 8. d4 cxd4 9. Nxd5 exd5 10. Nxd4 0-0 11. Be3 Bf6 12. Rc1 Be6 13. Qd2 Qd7 14. Rfd1 Rfd8 15. b3 Rac8 16. Nxc6 bxc6 17. Qa5 Ra8 18. Rd2 Rdc8 19. Qa6 Bf5 20. h4 h6 21. Bf4 g5 22. hxg5 hxg5 23. Be3 Qe6 24. Qa4 Be7 25. Bc5 Bf6 26. Bd4 Be7 27. Bc5 Bf6 28. e3 Kh7 29. b4 a6 30. Qd1 Kg6 31. Qe2 g4 32. Bd4 Be7 33. Bc3 Bd6 34. Re1 Re8 35. a4 Rab8 36. Qxa6 Bxb4 37. Bxb4 Rxb4 38. Rc1 Rc8 39. a5 c5 40. Qe2 Be4 41. Bxe4+ Qxe4 42. Qd3 Qxd3 43. Rxd3 Ra4 44. Rxd5 Rxa5 45. Rc4 f5 46. e4 fxe4 47. Rxe4 Ra1+ 48. Kg2 c4 49. Rxg4+ Kf6 50. Rd2 c3 51. Rc2 Ke5 52. Kf3 Re1 53. Rf4 Kd5 54. g4 Rc4 55. Rf8 Rc6 56. Rf4 Rc4 57. g5 Rxf4+ 58. Kxf4 Kd4 59. g6 Kd3 60. Rxc3+ Kxc3 61. Kf5 Kd4 62. f4 Rg1 63. Kf6 Ke4 64. f5 Rf1 65. g7 Rxf5+ 66. Kg6 Ke5 1/2-1/2